MDQL
is popping MORE tags! Check the
thread
!
Quizzes
Events
Quiz Creation
Community
Videos
Private Events
Remove Ads
Sign In
Join for FREE
Feedback
Dark Mode
Quiz Categories
Sports
Geography
Music
Movies
Television
Just For Fun
Miscellaneous
History
Literature
Language
Science
Gaming
Entertainment
Religion
Holiday
For Kids
Quiz Lab
Recent
Popular Today
Quiz Kudos Today
Editor Picks
Curator Picks
Quizzes by...
Day
Popularity
Type
Ratings
Length
Year
Community
Subscriptions
Recent Discussions
Orange Saloon
Badges
Playlists
Quests
Create
Leaderboards
Showdown
Live 5
Trivia Bingo
Activity
Puzzle Library
Sporcle Events
Private Events
Virtual Trivia
Globe League
Become a Host
Pub Owners
SporcleCon
Opinionation
Our Games
Videos
Blog
Mobile Apps
Partnerships
Remove Ads and Go Orange
Feedback
Movies
Disney
Marvel Cinematic Universe
Movie Resume
Movie Titles
Oscar
Actor
Actress
Director
Pixar
Role
Movie Quotes
Movie Characters
Box Office
Nominee
Best Picture
Star Wars
James Bond
Horror Movies
Movies
Disney
Marvel Cinematic Universe
Movie Resume
Movie Titles
Oscar
Actor
Actress
Director
Pixar
Role
Movie Quotes
Movie Characters
Box Office
Nominee
Best Picture
Star Wars
James Bond
Horror Movies
Random Quiz
Search Sporcle
×
Quiz Lab
Quiz Lab
Movies
Best Picture
Select answers by clicking on text or image buttons
Select answers by clicking on text or image buttons
Clickable
Best Score? Go Orange.
Won both Best Actor/Actress and Best Picture Stats
Can you pick the movies that won the Oscar for Best Actor OR Best Actress (Leading Role) AND also won Best Picture?
By
leonardoreis12
5m
30 Questions
97 Plays
97 Plays
97 Plays
Comments
Comments
Give Quiz Kudos
Give Quiz Kudos
-
- Ratings
hide this ad
Replay
Link that replays current quiz
Next Quiz
Link to next quiz in quiz playlist
You Got
0%
They Got
Avg Score
60%
Avg Friend Score
Upgrade to see
Score Distribution
Jump to the score distribution portion of the page
Score
0/30
Timer
05:00
0
Plays Today
% Correct
Annie Hall
80.4%
Amadeus
77.3%
The Artist
76.3%
Ben-Hur
74.2%
Forrest Gump
66%
The Silence of the Lambs
66%
The Godfather
64.9%
The Bridge on the River Kwai
63.9%
One Flew Over the Cuckoo's Nest
62.9%
Driving Miss Daisy
62.9%
Gladiator
61.9%
Gandhi
61.9%
It Happened One Night
60.8%
Gone With the Wind
60.8%
The French Connection
60.8%
% Correct
On the Waterfront
59.8%
All the King's Men
58.8%
Patton
57.7%
Kramer vs Kramer
57.7%
Terms of Endearment
57.7%
The Best Years of Our Lives
57.7%
Rain Man
56.7%
Hamlet
56.7%
Shakespeare in Love
55.7%
Million Dollar Baby
54.6%
My Fair Lady
51.5%
Marty
49.5%
Mrs. Miniver
47.4%
The Lost Weekend
46.4%
The Great Ziegfeld
40.2%
Quiz Playlist
Details
Report
Send in Message
Add To Playlist
Clickable:
Select answers by clicking on text or image buttons
Last Updated: Jul 5, 2017
Quiz Scoreboard
CHALLENGE
Sign Up to Join the Scoreboard
Show All
Scores
Hide
Comments
May contain spoilers
Recently Published
Holiday 10x10 Sorting Gallery
by lukepisani3
Holiday
15m
Two Season TV Shows II
by 123Four
Television
10m
Image Sorting: Flags VI
by Barbecue
Geography
2m
More to Explore
Quiz From the Vault
Featured Blog Post
14 Easter Pick-up Lines to Find Eggs With
hide this ad
You Might Also Like...
Tags
Actor Quiz
Actress Quiz
Best Picture Quiz
Academy Awards
Best Actress
Lead Actor
Lead Actress
Oscar Nominated
Oscar Winners
Today's Top Quizzes in Movies
Browse Movies
hide this ad
Today's Top Quizzes in Best Picture
Browse Best Picture
Top Contributed Quizzes in Movies
1
The ultimate James Bond movie quiz
2
Find The 'Big' Movie
3
Find The 'Wild' Movie
4
Find The 'Blue' Movie
5
Movies By Plot
6
Hidden Star Wars Character II
7
Hidden Star Wars Character III
8
😉 2024 Oscar Nominees by Emoji
9
Hidden Star Wars Character IV
10
25 Best Actor Nominees (1990s)
Explore More
Trending Topics
Disney
Anime
Harry Potter
Kpop
Marvel
NBA
Crossword
WWE
Country
Song
The Office
Pokémon
Puzzle
NFL
Soccer
hide this ad
More By:
leonardoreis12
Quiz
Plays
Rating
Category
Featured
Created
won both Best Actor/Actress and Best Picture
97
4.50
Movies
Jun 29, 2017
Go to Creator's Profile
Score Distribution
Quiz Creator Spotlight
leonardoreis12
Follow
Send a Message
Quizzes Created
-
Created Quiz Play Count
-
More By This Creator
Popular Quizzes Today
1
Find the US States - No Outlines Minefield
2
Colored Red Africa Blitz
3
Find the 'City' Movie
4
The Countries of the World
5
Find the US States
6
5x2 Blitz: Bands
7
Find the Countries of Europe - No Outlines Minefield
8
US States
More Movies Quizzes
Find the Bond Watercraft
Curator's Pick
Trending Quizzes
Colored Red Europe Blitz I
Colored Red Europe Blitz II
Colored Red Africa Blitz II
Colored Red Africa Blitz III
Colored Red Europe Blitz III
Recently Updated
Odd Team Out - Big 4 Players
pecheneg
Quick Pick: 20 Twenties
pecheneg
March Madness Men's Triple Doubles
pecheneg
How Do You Spell That?
pecheneg
Godzilla Movies
pecheneg
Grab Bag: 4-10 Letters
pecheneg
2024 March Madness Bracket
pecheneg
Famous TV Couples
Peacemaker
Champions League XIs: Real Madrid
pecheneg
Largest US Cities 1790-2010
pecheneg
Trending Topics
Kpop
Anime
NBA
Marvel
Crossword
Disney
Harry Potter
WWE
Puzzle
Soccer
Song
The Office
NFL
Country
Pokémon
Your Account Isn't Verified!
In order to create a playlist on Sporcle, you need to verify the email address you used during registration. Go to your
Sporcle Settings
to finish the process.
Report this User
Report this user for behavior that violates our
Community Guidelines
.
Details:
Send Report
Go to the Sporcle.com Mobile Site →
Comments